000
002880000a22000970004500
100
1
_a
Baarda, Tjitze
245
1
0
_a
Luke 22:42-47a. The Emperor Julian as witness to the text of Luke
300
_a
Vol. 30, Num. 4 (Octubre, 1988), Páginas 289-296
773
0
_t
Novum Testamentum
942
_c
ANA
999
_c
56760
_d
56760